| 000 | 00000nas 2200000zi 4500 |
| 001 | 9.909846 |
| 003 | CaOODSP |
| 005 | 20240116131849 |
| 006 | m o d f |
| 007 | cr ||||||||||| |
| 008 | 220405d20192020bccmr p o f0###b0fre|d |
| 040 | |aCaOODSP|bfre|erda|cCaOODSP |
| 043 | |an-cn--- |
| 086 | 1 |aIu85-3/2F-PDF |
| 245 | 00|a... coup d'oeil sur les arrivées pour des séjours d'une nuit ou plus. |
| 264 | 1|a[Vancouver] : |bDestination Canada, |c[2019-2020] |
| 310 | |aMensuel |
| 336 | |atexte|btxt|2rdacontent/fre |
| 337 | |ainformatique|bc|2rdamedia/fre |
| 338 | |aressource en ligne|bcr|2rdacarrier/fre |
| 362 | 1 |aParaît depuis mai 2019; ne paraît plus après décembre 2020. |
| 500 | |aPublié aussi en anglais sous le titre : ... overnight arrivals at a glance. |
| 588 | |aDescription d'après : mai 2019. |
| 588 | |aDernière livraison consultée : décembre 2020. |
| 650 | 6|aTourisme|zCanada|vPériodiques. |
| 655 | 7|aPériodiques|2rvmgf |
| 710 | 2 |aDestination Canada, |eorganisme de publication. |
| 775 | 08|t... overnight arrivals at a glance.|w(CaOODSP)9.909844 |
| 785 | 00|tArrivées pour une nuit ou plus en ... en bref.|w(CaOODSP)9.909852 |